000 00505nam a2200169 i 4500
001 135591
003 ES-MaACL
005 20230906194918.0
007 t|
008 070720s1952 sp ||||1| spa d
080 _a86-251"19"
100 1 _aTorres, José María.
_9110897
245 1 3 _aLa Divina víctima
_b: drama sacro en tres actos y doce cuadros y en verso /
_cJosé María Torres.
260 _a[Cartagena :
_bs.n.,
_c1952]
300 _a170 p. ;
_c16 cm.
852 _aES-MaACL
_jD-8416
_bR.35091
999 _c135591
_d135591